00382nam a2200097Ia 4500008004100000100002900041245009200070260003900162650001500201856006800216160712s9999 xx 000 0 und d aBorja, Daniel Vincent H. cDaniel Vincent H. Borja,aInternational Liquidity, Monetary Spillovers and Asset Prices c2012bPhilippine Management Review xMANAGEMENT uhttp://journals.upd.edu.ph/index.php/pmr/issue/view/248/showToc